| 000 | 00934nam a22002537a 4500 | ||
|---|---|---|---|
| 005 | 20120106155310.0 | ||
| 008 | 120106t xxu||||| |||| 00| 0 eng d | ||
| 010 | _aENG-104633 | ||
| 020 |
_a9789380408774 _c350.00 |
||
| 035 | _aEN-88166 | ||
| 037 | _bDBAD/PUB | ||
| 040 |
_aDPL _bEng |
||
| 082 | _a808.0666 | ||
| 100 |
_aMadhu Rani _938484 |
||
| 245 |
_aTechnical communication : _cby Madhu Rani [and] Seema Verma _ba practical approach / |
||
| 260 |
_aNew Delhi _bAcme Learning _c2011 |
||
| 270 |
_a2/8 Ansari Road Darya Ganj _bNew Delhi _e110002 |
||
| 300 |
_axi,487p. _c24cm(pbk) |
||
| 650 |
_aCommunication of technical information _938536 |
||
| 650 |
_aTechnical writing _938537 |
||
| 700 |
_aVerma, Seema _938538 |
||
| 942 |
_2ddc _cEN _h808.0666 _mMAD |
||
| 999 |
_c60459 _d60459 |
||